000 01318nam a2200325 a 4500
999 _c207462
_d207462
003 BLK
005 20241025005440.0
008 180411b bul|||||r ||||||| ||bul||
010 _aKNG00217224000
040 _aBLK
041 _aBUL
_cBUL
080 _aБългарска литература
_b821.163.2
_x-3
_z821.163.2-3
080 _aБългарски писател
_b929 Йовков, Йордан Стефанов
_x(092)
_z929 Йовков, Йордан Стефанов(092)
100 1 _aКазанджиев, Спиридон
_eпърви автор
_9351122
139 _aКазанджиев, Спиридон
_bК 13
245 1 0 _aСрещи и разговори с Йордан Йовков
_cСпиридон Казанджиев
257 _aBGR
260 _aСофия
_bНаука и изкуство
_c1960
300 _a100 с.
_c20 см
380 _aX
600 0 _aЙовков, Йордан Стефанов
_d1880-1937
_gПисател класик - белетрист, драматург, майстор на късия разказ
_9363298
653 _aЙордан Йовков
852 _aЦб 17515
_bЦб
856 4 _qpdf
856 4 _qpdf
942 _cKNG
_n0
_s1
944 _aCR
_c13.03.2018
_k
_lCRON CRON
944 _aED
_c2021-12-09
_kК.Д.
999 _d207462